000 00631nam a2200241Ia 4500
008 160319s9999 xx 000 0 und d
020 _a971-513-169-7
050 _aFIL RC 440
050 _b.C33 2002 c.2
100 _aCacanindin, Eden Esmas.
245 _aPsychiatric nursing :
245 _bstudent guide /
245 _cEden Esmas Cacanindin.
260 _aManila :
260 _bEducational Pub. House,
260 _c2002
300 _a230 pages :
300 _billustrations ;
300 _c26 cm.
500 _aIncludes bibliographical references.
650 _aPsychiatric nursing.
650 _xNursing,
999 _c291942
_d291942